000 00292nam a22001337a 4500
008 170627b xxu||||| |||| 00| 0 eng d
020 _a0061319333
041 _aeng
080 _a82
100 _a21
101 _aGJL
245 _aTHE HISTORIAN AS DETECTIVE
_cWINKS, R.W
942 _2udc
_cBK
999 _c19223
_d19223